Некоторые вопросы надежности синхротрона на 1,5 Гэв; Тезисы докладов на шестой Межвузовской научной конференции по электронным ускорителям, посвященной памяти академика АН УССР А.К.Вальтера

Bibliografiske detaljer
Parent link:Тезисы докладов на шестой Межвузовской научной конференции по электронным ускорителям, посвященной памяти академика АН УССР А.К.Вальтера.— 1966.— С. 16
Hovedforfatter: Саблин Н. И.
Andre forfattere: Кочегуров В. А. Владимир Александрович
Summary:В фонде НТБ ТПУ отсутствует
Sprog:russisk
Udgivet: 1966
Fag:
Format: MixedMaterials Book Chapter
KOHA link:https://koha.lib.tpu.ru/cgi-bin/koha/opac-detail.pl?biblionumber=592963

MARC

LEADER 00000naa0a2200000 4500
001 592963
005 20250528131645.0
035 |a (RuTPU)RU\TPU\tpu\5722 
090 |a 592963 
100 |a 20011210d1966 k||y0rusy50 ca 
101 0 |a rus 
102 |a RU 
200 1 |a Некоторые вопросы надежности синхротрона на 1,5 Гэв  |f Н. И. Саблин, В. А. Кочегуров 
333 |a В фонде НТБ ТПУ отсутствует 
463 |t Тезисы докладов на шестой Межвузовской научной конференции по электронным ускорителям, посвященной памяти академика АН УССР А.К.Вальтера  |v С. 16  |d 1966 
610 1 |a электронные ускорители 
610 1 |a труды учёных ТПУ 
700 1 |a Саблин  |b Н. И. 
701 1 |a Кочегуров  |b В. А.  |c математик  |c профессор Томского политехнического университета  |f 1931-  |g Владимир Александрович  |3 (RuTPU)RU\TPU\pers\13833 
801 0 |a RU  |b 63413507  |c 20011210  |g PSBO 
801 2 |a RU  |b 63413507  |c 20130326  |g PSBO 
850 |a 63413507 
942 |c BK